A history of Soviet Russia
Guardat en:
| Autor principal: | |
|---|---|
| Format: | Llibre |
| Idioma: | Undetermined |
| Publicat: |
London
Pall Mall Press
1967
|
| Etiquetes: |
Afegir etiqueta
Sense etiquetes, Sigues el primer a etiquetar aquest registre!
|
| Thư viện lưu trữ: | Trung tâm Học liệu Trường Đại học Cần Thơ |
|---|
| LEADER | 00463nam a2200169Ia 4500 | ||
|---|---|---|---|
| 001 | CTU_86920 | ||
| 008 | 210402s9999 xx 000 0 und d | ||
| 082 | |a 947 | ||
| 082 | |b R241 | ||
| 100 | |a Rauch, Georg von | ||
| 245 | 2 | |a A history of Soviet Russia | |
| 245 | 0 | |c Georg von Rauch; Peter and Annette Jacobsohn | |
| 260 | |a London | ||
| 260 | |b Pall Mall Press | ||
| 260 | |c 1967 | ||
| 904 | |i Nguyên | ||
| 980 | |a Trung tâm Học liệu Trường Đại học Cần Thơ | ||